[Event "Bydgoszcz-Torun"]
[Site "Bydgoszcz"]
[Date "2008.12.14"]
[Round "?"]
[White "Dybowski, Rafael"]
[Black "Mazalon, Mariusz"]
[Result "1-0"]
[WhiteElo "2007"]
[BlackElo "2166"]
[PlyCount "67"]
[EventDate "2008.12.14"]
[EventType "team-match"]
[EventRounds "1"]
[EventCountry "POL"]
[SourceTitle "EXT 2018"]
[Source "ChessBase"]
[SourceDate "2017.10.13"]
[SourceVersion "1"]
[SourceVersionDate "2017.10.13"]
[SourceQuality "1"]

1. e4 c5 2. c4 Nc6 3. d3 g6 4. Nc3 Bg7 5. g3 d6 6. Bg2 Nf6 7. Nge2 Nd7 8. 0-0 Nf8 9. f4 Ne6 10. Be3 Ned4 11. h3 0-0 12. Kh2 Rb8 13. a4 f5 14. Bg1 e5 15. Nxd4 cxd4 16. Nd5 Be6 17. Qd2 a5 18. Bf2 Bxd5 19. cxd5 Nb4 20. Rac1 Qd7 21. b3 b5 22. axb5 Qxb5 23. Rc4 Na6 24. fxe5 dxe5 25. exf5 Rxf5 26. d6 Nc5 27. Qc2 Nxb3 28. Bc6 Qb6 29. Bd5+ Kh8 30. Rc8+ Rxc8 31. Qxc8+ Rf8 32. d7 Nc5 33. Bxd4 Nxd7 34. Rxf8+ 1-0

[Event "POL Academic Cup 2nd"]
[Site "Wroclaw"]
[Date "2007.05.02"]
[Round "6"]
[White "Dybowski, Rafael"]
[Black "Malczyk, Radoslaw"]
[Result "1/2-1/2"]
[WhiteElo "1983"]
[BlackElo "2113"]
[PlyCount "25"]
[EventDate "2007.04.28"]
[EventType "swiss"]
[EventRounds "9"]
[EventCountry "POL"]
[SourceTitle "EXT 2011"]
[Source "ChessBase"]
[SourceDate "2010.11.26"]
[SourceVersion "1"]
[SourceVersionDate "2010.11.26"]
[SourceQuality "1"]

1. e4 g6 2. c4 Bg7 3. Nc3 c5 4. d3 Nc6 5. g3 e6 6. Bg2 Nge7 7. Nge2 Nd4 8. Nxd4 cxd4 9. Ne2 0-0 10. 0-0 Nc6 11. f4 d6 12. h3 f5 13. exf5 1/2-1/2

[Event "POL Academic Cup 2nd"]
[Site "Wroclaw"]
[Date "2007.04.28"]
[Round "1"]
[White "Dybowski, Rafael"]
[Black "Budrewicz, Krzysztof"]
[Result "0-1"]
[WhiteElo "1983"]
[BlackElo "2240"]
[PlyCount "74"]
[EventDate "2007.04.28"]
[EventType "swiss"]
[EventRounds "9"]
[EventCountry "POL"]
[SourceTitle "EXT 2011"]
[Source "ChessBase"]
[SourceDate "2010.11.26"]
[SourceVersion "1"]
[SourceVersionDate "2010.11.26"]
[SourceQuality "1"]

1. e4 g6 2. d4 Bg7 3. c3 d6 4. f4 Nf6 5. Qc2 e5 6. Nf3 exd4 7. cxd4 0-0 8. Nc3 Bg4 9. Be2 Nc6 10. Be3 Re8 11. a3 Nxe4 12. Nxe4 Bf5 13. Bd3 Qe7 14. Kf2 Bxe4 15. Bxe4 Qxe4 16. Qxe4 Rxe4 17. Rad1 Rae8 18. Rhe1 Na5 19. Rd3 Nc4 20. Bc1 f5 21. b3 Nb6 22. g3 Nd5 23. Bd2 h6 24. Ng1 Kf7 25. Nf3 Bf6 26. Rc1 c6 27. b4 a6 28. a4 Bd8 29. b5 axb5 30. axb5 cxb5 31. Rb1 Nf6 32. Rxb5 R4e7 33. Bb4 Rc7 34. Nd2 Ng4+ 35. Kg1 Rc1+ 36. Nf1 Rb1 37. h3 Nf6 0-1

[Event "POL-chT3 0607"]
[Site "Poland"]
[Date "2007.03.04"]
[Round "9.1"]
[White "Krainski, Jaroslaw"]
[Black "Dybowski, Rafael"]
[Result "1-0"]
[WhiteElo "2066"]
[BlackElo "1983"]
[PlyCount "85"]
[EventDate "2006.11.12"]
[EventType "team"]
[EventRounds "11"]
[EventCountry "POL"]
[SourceTitle "EXT 2009"]
[Source "ChessBase"]
[SourceDate "2008.11.26"]
[SourceVersion "1"]
[SourceVersionDate "2008.11.26"]
[SourceQuality "1"]

1. e4 c5 2. Nf3 a6 3. c3 d6 4. d4 Nd7 5. Bd3 e6 6. 0-0 Ngf6 7. Re1 Be7 8. Nbd2 0-0 9. Nf1 b5 10. Ng3 Bb7 11. h3 Qc7 12. Bd2 Rfc8 13. a4 c4 14. Bc2 Bc6 15. axb5 axb5 16. Qe2 Nb6 17. Nh2 Bd7 18. f4 Na4 19. Rab1 Qb6 20. Kh1 b4 21. Ng4 b3 22. Bd1 Ne8 23. Rf1 Qa5 24. Ne3 Nb6 25. Qf3 d5 26. e5 f5 27. exf6 Nxf6 28. f5 Qa2 29. Be2 Na4 30. fxe6 Bxe6 31. Nef5 Bxf5 32. Nxf5 Bf8 33. Bf4 Nxb2 34. Be5 Nd3 35. Bxd3 cxd3 36. Nh6+ Kh8 37. Bxf6 gxf6 38. Qxf6+ Bg7 39. Nf7+ Kg8 40. Qe6 h5 41. Nd6+ Kh8 42. Nxc8 b2 43. Qe8+ 1-0

[Event "POL-chT3 0607"]
[Site "Poland"]
[Date "2007.02.18"]
[Round "8.3"]
[White "Dybowski, Rafael"]
[Black "Stuczynski, Andrzej"]
[Result "0-1"]
[WhiteElo "1983"]
[BlackElo "2190"]
[PlyCount "34"]
[EventDate "2006.11.12"]
[EventType "team"]
[EventRounds "11"]
[EventCountry "POL"]
[SourceTitle "EXT 2009"]
[Source "ChessBase"]
[SourceDate "2008.11.26"]
[SourceVersion "1"]
[SourceVersionDate "2008.11.26"]
[SourceQuality "1"]

1. e4 e5 2. Nf3 Nc6 3. Bc4 Nf6 4. d3 Be7 5. c3 0-0 6. 0-0 d6 7. Re1 Na5 8. Bb5 a6 9. Ba4 b5 10. Bc2 c5 11. Nbd2 Qc7 12. Nf1 Nc6 13. Ng3 Re8 14. h3 h6 15. d4 cxd4 16. cxd4 exd4 17. Nxd4 Nxd4 0-1

[Event "POL-chT3 0607"]
[Site "Poland"]
[Date "2007.01.07"]
[Round "6.1"]
[White "Dybowski, Rafael"]
[Black "Borgula, Rafal"]
[Result "1/2-1/2"]
[WhiteElo "1983"]
[BlackElo "2326"]
[PlyCount "63"]
[EventDate "2006.11.12"]
[EventType "team"]
[EventRounds "11"]
[EventCountry "POL"]
[SourceTitle "EXT 2009"]
[Source "ChessBase"]
[SourceDate "2008.11.26"]
[SourceVersion "1"]
[SourceVersionDate "2008.11.26"]
[SourceQuality "1"]

1. e4 c5 2. c4 Nc6 3. Nc3 g6 4. d3 Bg7 5. g3 e6 6. Nge2 Nge7 7. Bg2 0-0 8. 0-0 d6 9. f4 a6 10. a4 Nb4 11. Be3 Qc7 12. g4 f5 13. gxf5 exf5 14. Rb1 Bd7 15. b3 Rae8 16. d4 fxe4 17. Nxe4 Nf5 18. Bf2 Bc6 19. d5 Bd7 20. Qd2 b6 21. Ng5 h6 22. Nf3 Qd8 23. Rbe1 Qf6 24. Bh3 Bc8 25. Nc1 Qb2 26. Rxe8 Rxe8 27. Re1 Rxe1+ 28. Bxe1 Qxd2 29. Nxd2 Bb2 30. Ne2 Nd3 31. Bh4 Kf7 32. Ne4 1/2-1/2

[Event "POL-chT3 0607"]
[Site "Poland"]
[Date "2006.11.12"]
[Round "1.1"]
[White "Lewandowski, Krzysztof"]
[Black "Dybowski, Rafael"]
[Result "1/2-1/2"]
[WhiteElo "2137"]
[BlackElo "1983"]
[PlyCount "64"]
[EventDate "2006.11.12"]
[EventType "team"]
[EventRounds "11"]
[EventCountry "POL"]
[SourceTitle "EXT 2009"]
[Source "ChessBase"]
[SourceDate "2008.11.26"]
[SourceVersion "1"]
[SourceVersionDate "2008.11.26"]
[SourceQuality "1"]

1. d4 d5 2. c4 c6 3. Nf3 Nf6 4. Nc3 dxc4 5. a4 Bf5 6. e3 e6 7. Bxc4 Be7 8. 0-0 0-0 9. Qe2 h6 10. e4 Bh7 11. Bf4 Nbd7 12. Rfd1 Re8 13. Rd2 Bb4 14. Bd3 Qa5 15. Rdd1 e5 16. Nxe5 Nxe5 17. dxe5 Nd7 18. e6 Rxe6 19. Bc4 Re7 20. Bxh6 Bxc3 21. bxc3 Nf6 22. Be3 Nxe4 23. Qg4 Nf6 24. Qg5 Re5 25. Qg3 Nh5 26. Qf3 Rf5 27. Qe2 Re8 28. Qd2 Rfe5 29. Bd4 R5e7 30. h3 a6 31. Re1 Qc7 32. a5 c5 1/2-1/2

[Event "Ciechocinek KPZ-ch"]
[Site "Ciechocinek"]
[Date "2002.??.??"]
[Round "1"]
[White "Dybowski, Rafael"]
[Black "Dahm, Mikolaj"]
[Result "1-0"]
[WhiteElo "2000"]
[BlackElo "1800"]
[PlyCount "55"]
[EventDate "2002.??.??"]
[EventType "swiss"]
[EventRounds "9"]
[EventCountry "POL"]
[SourceTitle "EXT 2007"]
[Source "ChessBase"]
[SourceDate "2006.11.23"]
[SourceVersion "1"]
[SourceVersionDate "2006.11.23"]
[SourceQuality "1"]

1. e4 c5 2. Ne2 e6 3. c4 Nc6 4. Nbc3 Nf6 5. g3 Be7 6. Bg2 0-0 7. d3 d6 8. 0-0 e5 9. h3 Bd7 10. f4 exf4 11. gxf4 Nh5 12. Kh2 Bh4 13. Bf3 Nf6 14. Rg1 Kh8 15. Bd2 Bf2 16. Rg2 Bd4 17. Be1 Qc8 18. f5 Ne5 19. Nf4 Bxf5 20. exf5 Qxf5 21. Bg3 Bxc3 22. bxc3 g5 23. Be4 Nxe4 24. dxe4 Qxe4 25. Qxd6 gxf4 26. Qf6+ Kg8 27. Bxf4+ Ng6 28. Bh6 1-0

[Event "Ciechocinek KPZ-ch"]
[Site "Ciechocinek"]
[Date "2002.??.??"]
[Round "3"]
[White "Dybowski, Rafael"]
[Black "Romanowski, Filip"]
[Result "1-0"]
[WhiteElo "2000"]
[BlackElo "1800"]
[PlyCount "95"]
[EventDate "2002.??.??"]
[EventType "swiss"]
[EventRounds "9"]
[EventCountry "POL"]
[SourceTitle "EXT 2007"]
[Source "ChessBase"]
[SourceDate "2006.11.23"]
[SourceVersion "1"]
[SourceVersionDate "2006.11.23"]
[SourceQuality "1"]

1. e4 d5 2. exd5 Qxd5 3. Nc3 Qa5 4. d4 Nf6 5. Bc4 c6 6. Nf3 Bf5 7. 0-0 e6 8. Bd2 Qc7 9. Re1 Nbd7 10. d5 cxd5 11. Bxd5 0-0-0 12. Bb3 Nc5 13. Qe2 Bd6 14. Nb5 Qb6 15. Nxd6+ Rxd6 16. Ne5 Bg6 17. Nc4 Qc6 18. Nxd6+ Qxd6 19. Bb4 b6 20. Red1 Qf4 21. Bxc5 bxc5 22. Qa6+ Kb8 23. Qb5+ Ka8 24. Qxc5 Ng4 25. Qc6+ Kb8 26. Qd6+ Qxd6 27. Rxd6 Rc8 28. Rd4 Ne5 29. f4 Ng4 30. c4 Ne3 31. Kf2 Nf5 32. Rd7 Rc5 33. Rad1 Bh5 34. Rd8+ Kc7 35. R1d7+ Kb6 36. h3 Bg6 37. g4 Nh6 38. Rb8+ Ka6 39. Ba4 Be4 40. b4 Bc6 41. Bxc6 Rxc6 42. b5+ Ka5 43. bxc6 a6 44. c7 Ka4 45. Rd3 a5 46. c8Q Nxg4+ 47. hxg4 f5 48. Qd7# 1-0

[Event "Torun op"]
[Site "Torun"]
[Date "2002.??.??"]
[Round "5"]
[White "Jankiewicz, Robert"]
[Black "Dybowski, Rafael"]
[Result "1/2-1/2"]
[WhiteElo "2000"]
[BlackElo "2000"]
[PlyCount "60"]
[EventDate "2002.??.??"]
[EventType "swiss"]
[EventRounds "9"]
[EventCountry "POL"]
[SourceTitle "EXT 2007"]
[Source "ChessBase"]
[SourceDate "2006.11.23"]
[SourceVersion "1"]
[SourceVersionDate "2006.11.23"]
[SourceQuality "1"]

1. e4 c5 2. Nf3 a6 3. d4 cxd4 4. Nxd4 Nf6 5. Nc3 e5 6. Nf3 Bb4 7. Bd2 d6 8. Bd3 Nbd7 9. a3 Bxc3 10. Bxc3 Nc5 11. Qe2 b5 12. b4 Ne6 13. Bd2 Bb7 14. 0-0 0-0 15. a4 Nc7 16. Bg5 h6 17. Bh4 bxa4 18. Rxa4 Qe8 19. Ra5 Nd7 20. Nd2 d5 21. f3 Qe6 22. Kh1 d4 23. Nb3 Kh8 24. Be1 Rfc8 25. f4 f6 26. f5 Qe7 27. Rf3 Nb5 28. Bxb5 axb5 29. Rg3 Qf7 30. Rxa8 Bxa8 1/2-1/2

[Event "Torun op"]
[Site "Torun"]
[Date "2002.??.??"]
[Round "7"]
[White "Lubicki, Bartosz"]
[Black "Dybowski, Rafael"]
[Result "1-0"]
[WhiteElo "2115"]
[BlackElo "2000"]
[PlyCount "83"]
[EventDate "2002.??.??"]
[EventType "swiss"]
[EventRounds "9"]
[EventCountry "POL"]
[SourceTitle "EXT 2007"]
[Source "ChessBase"]
[SourceDate "2006.11.23"]
[SourceVersion "1"]
[SourceVersionDate "2006.11.23"]
[SourceQuality "1"]

1. e4 c5 2. Nf3 d6 3. d4 cxd4 4. Nxd4 Nf6 5. Nc3 a6 6. Bc4 Qc7 7. Bb3 e6 8. Be3 Be7 9. f3 Nbd7 10. Bxe6 fxe6 11. Nxe6 Qc4 12. Nxg7+ Kd8 13. Qd2 Bf8 14. Nf5 Qe6 15. 0-0-0 Rg8 16. g4 Ne5 17. Qf2 Nexg4 18. Bb6+ Ke8 19. fxg4 Rxg4 20. Ng3 Bh6+ 21. Kb1 Rf4 22. Qg2 Bd7 23. Be3 Rh4 24. Bxh6 Rxh6 25. Nf5 Rg6 26. Nxd6+ Kf8 27. Qf2 Bc6 28. Qc5 Kg8 29. Rhe1 Rd8 30. Nf5 Re8 31. b3 Nd7 32. Qd6 Qxd6 33. Nxd6 Re7 34. Nf5 Re5 35. Nd5 Rge6 36. Nf4 Rf6 37. Nh5 Rg6 38. Nhg3 Rge6 39. Nd4 Re7 40. Nxc6 bxc6 41. Nf5 Rf7 42. Nh6+ 1-0

[Event "Ciechocinek KPZ-ch"]
[Site "Ciechocinek"]
[Date "2002.??.??"]
[Round "9"]
[White "Zolnierowicz, Krzysztof"]
[Black "Dybowski, Rafael"]
[Result "1/2-1/2"]
[WhiteElo "2265"]
[BlackElo "2000"]
[PlyCount "69"]
[EventDate "2002.??.??"]
[EventType "swiss"]
[EventRounds "9"]
[EventCountry "POL"]
[SourceTitle "EXT 2007"]
[Source "ChessBase"]
[SourceDate "2006.11.23"]
[SourceVersion "1"]
[SourceVersionDate "2006.11.23"]
[SourceQuality "1"]

1. e4 c5 2. Nf3 d6 3. c3 Nf6 4. Be2 Nc6 5. d4 cxd4 6. cxd4 Nxe4 7. d5 Qa5+ 8. Nc3 Nxc3 9. bxc3 Ne5 10. 0-0 g6 11. Nxe5 dxe5 12. Qb3 a6 13. Be3 Qc7 14. Bb6 Qd7 15. c4 e6 16. Rad1 Be7 17. c5 exd5 18. Rxd5 Qe6 19. Bc4 0-0 20. Re1 Bf6 21. Rdxe5 Qxe5 22. Rxe5 Bxe5 23. Bd5 a5 24. h4 Rb8 25. h5 Bd7 26. Bxa5 Bc6 27. Bc4 Kg7 28. Bc3 Rbe8 29. f4 Bxc3 30. Qxc3+ f6 31. Qg3 Be4 32. f5 Re5 33. fxg6 hxg6 34. Bd3 Bxd3 35. Qxd3 1/2-1/2